000
00296nam a22001337a 4500
008
171222b xxu||||| |||| 00| 0 eng d
020
_a
9780815153733
041
_a
eng
080
_a
610.73
100
_a
2
101
_a
INF
245
_a
MEDICAL SURGICAL NURSING
_c
LEWIS,SH,M
942
_2
udc
_c
BK
999
_c
39322
_d
39322